Hello Kitty : Hello Kitty tells fairy tales (Record no. 320182)
[ view plain ]
| 000 -LEADER | |
|---|---|
| fixed length control field | 00451ngm a22001815 4500 |
| 005 - DATE AND TIME OF LATEST TRANSACTION | |
| control field | 20231206143059.0 |
| 007 - PHYSICAL DESCRIPTION FIXED FIELD--GENERAL INFORMATION | |
| fixed length control field | vd v |
| 008 - FIXED-LENGTH DATA ELEMENTS--GENERAL INFORMATION | |
| fixed length control field | p |
| 040 ## - CATALOGING SOURCE | |
| Description conventions | |
| 092 ## - LOCALLY ASSIGNED DEWEY CALL NUMBER (OCLC) | |
| Classification number | EDVD |
| Item number | Hel |
| 245 00 - TITLE STATEMENT | |
| Title | Hello Kitty : Hello Kitty tells fairy tales |
| 264 ## - Production, Publication, Distribution, Manufacture, and Copyright Notice. | |
| Place of production, publication, distribution, manufacture | USA |
| Name of producer, publisher, distributor, manufacturer | Metro-Goldwyn-Mayer Studios |
| Date of production, publication, distribution, manufacture, or copyr | c1987 |
| 300 ## - PHYSICAL DESCRIPTION | |
| Extent | 55 min. |
| 508 ## - CREATION/PRODUCTION CREDITS NOTE | |
| Creation/production credits note | Rated : NR |
| 511 0# - PARTICIPANT OR PERFORMER NOTE | |
| Participant or performer note | Hel |
| 942 ## - ADDED ENTRY ELEMENTS (KOHA) | |
| Koha item type | DVD |
| Source of classification or shelving scheme | Dewey Decimal Classification |
| 948 ## - LOCAL PROCESSING INFORMATION (OCLC); SERIES PART DESIGNATOR (RLIN) | |
| Series part designator, SPT (RLIN) | 06/18/2019 |
| z (OCLC) | Sirsi |
| Withdrawn status | Lost status | Source of classification or shelving scheme | Damaged status | Not for loan | Collection code | Home library | Current library | Shelving location | Date acquired | Source of acquisition | Total Checkouts | Total Renewals | Full call number | Barcode | Date last seen | Date checked out | Cost, replacement price | Price effective from | Koha item type |
|---|---|---|---|---|---|---|---|---|---|---|---|---|---|---|---|---|---|---|---|
| Dewey Decimal Classification | Children Movies | Wasatch County Library | Wasatch County Library | Audio Visual Area | 06/18/2019 | Donation | 4 | 6 | E DVD Hello Kitty | 34301002153049 | 04/18/2025 | 08/17/2024 | 25.00 | 03/20/2020 | DVD |
